000 00991nam a2200289Ia 4500
001 Para_1128
003 CHAP
008 220125s1997 xx 000 0 und d
010 _a199782
040 _cCHAP
090 _aPA TESIS 1094
100 _aLópez Gaytan, Cuauhtemoc
_967920
245 _aResistencia natural de tres especies de maderas tropicales al hongo xilofago Trametes versicolor (Fries), Pilat, en condiciones de laboratorio /
_c por Cuauhtemoc López Gaytan
260 _aChapingo, Méx. :
_b El autor
300 _a50 h.
502 _aTesis (Ing. Agr. Esp. en Parasitología Agrícola), UACh. Depto. Parasitología
650 _aMadera
_x hongos
_969608
650 _aPudrición de la madera
_992839
710 _aUACh. Departamento Parasitología Agrícola
_9164025
901 _aPA TESIS 1094
902 _aA
905 _a0000001997 a 0000000000 00
910 _a1997
942 _cPARA
942 _cPARA
_d1
999 _c199782
_d199782